[Event "FIDE World Rapid-ch Open 2018"]
[White "Motylev, Alexander"]
[Black "Paravyan, David"]
[Site "St. Petersburg"]
[Round "14.18"]
[Annotator "ChessBase"]
[Result "0-1"]
[Date "2018.12.28"]
[WhiteElo "2644"]
[BlackElo "2634"]
[PlyCount "176"]
[TimeControl "900+10"]

1. e4 {[%emt 0:0:0]} e5 {[%emt 0:0:0]} 2. Nf3 {[%emt 0:0:0]} Nc6 {[%emt 0:0:0]
} 3. Nc3 {[%emt 0:0:1]} Nf6 {[%emt 0:0:0]} 4. d4 {[%emt 0:0:0]} exd4 {[%emt 0:0:0]} 5. Nxd4 {[%emt 0:0:1]} Bb4 {[%emt 0:0:0]} 6. Nxc6 {[%emt 0:0:2]} bxc6 {[%emt 0:0:0]} 7. Bd3 {[%emt 0:0:1]} 0-0 {[%emt 0:0:0]
} 8. 0-0 {[%emt 0:0:2]} d5 {[%emt 0:0:0]} 9. Bd2 {[%emt 0:0:0]} Rb8 {[%emt 0:0:57]} 10. Re1 {[%emt 0:0:1]} Be6 {[%emt 0:0:51]} 11. a3 {[%emt 0:0:31]} Bc5 {[%emt 0:1:23]} 12. Bg5 {[%emt 0:0:39]} h6 {[%emt 0:0:0]} 13. Bh4 {[%emt 0:0:15]} Be7 {[%emt 0:1:26]} 14. exd5 {[%emt 0:1:34]} Nxd5 {[%emt 0:0:3]} 15. Bxe7 {[%emt 0:0:40]} Qxe7 {[%emt 0:0:1]} 16. Qf3 {[%emt 0:2:49]
} Qg5 {[%emt 0:3:49]} 17. Ne4 {[%emt 0:1:25]} Qf4 {[%emt 0:0:0]} 18. Qxf4 {[%emt 0:0:3]} Nxf4 {[%emt 0:0:2]} 19. b4 {[%emt 0:0:2]} Nxd3 {[%emt 0:0:37]} 20. cxd3 {[%emt 0:0:1]} Bd5 {[%emt 0:1:3]} 21. Nc5 {[%emt 0:0:3]
} Rfd8 {[%emt 0:1:51]} 22. Re7 {[%emt 0:0:46]} Rbc8 {[%emt 0:0:0]} 23. Rae1 {[%emt 0:0:22]} Kf8 {[%emt 0:1:37]} 24. R7e3 {[%emt 0:1:7]
} Rd6 {[%emt 0:0:31]} 25. f3 {[%emt 0:0:28]} Be6 {[%emt 0:0:54]} 26. Kf2 {[%emt 0:0:40]
} Re8 {[%emt 0:0:54]} 27. Re5 {[%emt 0:0:45]} Rd5 {[%emt 0:0:0]} 28. Rxd5 {[%emt 0:1:9]} cxd5 {[%emt 0:0:11]} 29. Rc1 {[%emt 0:0:9]} d4 {[%emt 0:0:41]} 30. b5 {[%emt 0:3:43]} Rc8 {[%emt 0:0:59]} 31. Nxe6+ {[%emt 0:1:10]
} fxe6 32. f4 Ke7 {[%emt 0:0:40]} 33. Kf3 {[%emt 0:0:12]} Kd7 {[%emt 0:0:22]
} 34. Rc4 {[%emt 0:0:18]} Rb8 {[%emt 0:0:10]} 35. Rxd4+ {[%emt 0:0:5]
} Ke7 {[%emt 0:0:7]} 36. Rc4 {[%emt 0:0:6]} Kd7 {[%emt 0:0:0]} 37. Rc5 {[%emt 0:0:45]} Rb6 {[%emt 0:0:11]} 38. a4 {[%emt 0:0:7]} Kd6 {[%emt 0:0:7]} 39. d4 {[%emt 0:0:19]} a6 {[%emt 0:0:1]} 40. Ke4 {[%emt 0:0:0]} axb5 {[%emt 0:0:6]} 41. Rxb5 {[%emt 0:0:1]} Rc6 42. Rb2 Rc4 {[%emt 0:0:26]
} 43. a5 {[%emt 0:0:35]} Ra4 {[%emt 0:0:8]} 44. Rb5 {[%emt 0:0:0]} Ra2 {[%emt 0:0:20]} 45. Kf3 {[%emt 0:0:25]} Ra3+ {[%emt 0:0:4]} 46. Kg4 {[%emt 0:0:1]} Ra2 {[%emt 0:0:5]} 47. Kh3 {[%emt 0:0:8]} Ra4 {[%emt 0:0:6]
} 48. Rb8 {[%emt 0:0:32]} Rxa5 {[%emt 0:0:6]} 49. Rg8 {[%emt 0:0:2]
} g5 {[%emt 0:0:12]} 50. fxg5 {[%emt 0:0:7]} Rxg5 {[%emt 0:0:0]} 51. Rxg5 {[%emt 0:0:31]} hxg5 {[%emt 0:0:1]} 52. Kg4 {[%emt 0:0:1]} e5 {[%emt 0:0:1]} 53. Kxg5 {[%emt 0:0:1]} exd4 {[%emt 0:0:2]} 54. Kf4 {[%emt 0:0:2]
} Kd5 {[%emt 0:0:24]} 55. h4 {[%emt 0:0:1]} c5 {[%emt 0:0:2]
} 56. h5 {[%emt 0:0:1]} c4 {[%emt 0:0:3]} 57. h6 {[%emt 0:0:19]} c3 {[%emt 0:0:2]
} 58. h7 {[%emt 0:0:1]} c2 {[%emt 0:0:1]} 59. h8=Q {[%emt 0:0:0]} c1=Q+ {[%emt 0:0:6]} 60. Kg3 {[%emt 0:0:5]} Qg5+ {[%emt 0:1:13]} 61. Kf3 {[%emt 0:0:2]} Qe3+ {[%emt 0:0:8]} 62. Kg4 {[%emt 0:0:2]} d3 {[%emt 0:0:6]
} 63. Qa8+ {[%emt 0:1:22]} Kc4 {[%emt 0:0:3]} 64. Qc6+ {[%emt 0:0:11]
} Kb3 {[%emt 0:0:11]} 65. Qb5+ {[%emt 0:0:7]} Kc2 {[%emt 0:0:0]} 66. Qa4+ {[%emt 0:0:4]} Kd2 {[%emt 0:0:9]} 67. g3 {[%emt 0:0:14]} Ke2 {[%emt 0:0:5]} 68. Qc4 {[%emt 0:0:13]} Kf2 {[%emt 0:0:21]} 69. Qf7+ {[%emt 0:0:3]
} Ke1 {[%emt 0:0:5]} 70. Qb3 {[%emt 0:0:16]} Qe4+ {[%emt 0:0:0]} 71. Kh3 {[%emt 0:0:10]} d2 {[%emt 0:0:3]} 72. Qc3 {[%emt 0:0:3]} Ke2 {[%emt 0:0:2]} 73. Qb2 {[%emt 0:0:0]} Qf5+ {[%emt 0:0:34]} 74. Kh4 {[%emt 0:0:6]
} Qe4+ {[%emt 0:0:23]} 75. Kg5 {[%emt 0:0:24]} Qe3+ {[%emt 0:0:0]} 76. Kg4 {[%emt 0:0:7]} Ke1 {[%emt 0:0:5]} 77. Qb4 {[%emt 0:0:4]} Kf1 {[%emt 0:0:5]} 78. Qb1+ {[%emt 0:0:30]} Kf2 {[%emt 0:0:12]} 79. Qf5+ {[%emt 0:0:3]
} Ke1 {[%emt 0:0:6]} 80. Qa5 {[%emt 0:0:2]} Qe4+ {[%emt 0:0:0]} 81. Kh3 {[%emt 0:0:2]} Qh1+ {[%emt 0:0:7]} 82. Kg4 {[%emt 0:0:1]} Qe4+ {[%emt 0:0:2]} 83. Kh3 {[%emt 0:0:1]} Ke2 {[%emt 0:0:18]} 84. Qa6+ {[%emt 0:0:19]
} Qd3 {[%emt 0:0:14]} 85. Qe6+ {[%emt 0:0:13]} Qe3 {[%emt 0:0:0]} 86. Qc4+ {[%emt 0:0:34]} Kf2 {[%emt 0:0:2]} 87. Qf7+ {[%emt 0:0:4]} Ke1 {[%emt 0:0:2]} 88. Kg2 {[%emt 0:0:18]} Qe2+ {[%emt 0:0:3]} 0-1

[Event "FIDE World Rapid-ch Open 2018"]
[White "Rakhmanov, Aleksandr"]
[Black "Amonatov, Farrukh"]
[Site "St. Petersburg"]
[Round "14.19"]
[Annotator "ChessBase"]
[Result "1-0"]
[Date "2018.12.28"]
[WhiteElo "2629"]
[BlackElo "2614"]
[PlyCount "97"]
[TimeControl "900+10"]

1. c4 {[%emt 0:0:0]} Nf6 {[%emt 0:0:0]} 2. Nc3 {[%emt 0:0:0]} g6 {[%emt 0:0:0]
} 3. g3 {[%emt 0:0:0]} Bg7 {[%emt 0:0:0]} 4. Bg2 {[%emt 0:0:0]} 0-0 {[%emt 0:0:0]} 5. d3 {[%emt 0:0:0]} c5 {[%emt 0:0:1]} 6. e3 {[%emt 0:0:7]
} Nc6 {[%emt 0:0:2]} 7. Nge2 {[%emt 0:0:2]} e5 {[%emt 0:0:0]} 8. b3 {[%emt 0:0:12]} d6 {[%emt 0:0:2]} 9. Bb2 {[%emt 0:0:3]} Ne8 {[%emt 0:0:11]
} 10. 0-0 {[%emt 0:0:11]} Nc7 {[%emt 0:0:1]} 11. Qd2 {[%emt 0:0:0]} a6 {[%emt 0:0:5]} 12. Nd5 {[%emt 0:0:36]} Nxd5 {[%emt 0:0:8]} 13. cxd5 {[%emt 0:1:45]} Ne7 {[%emt 0:0:1]} 14. e4 {[%emt 0:0:1]} Bd7 {[%emt 0:1:12]
} 15. f4 {[%emt 0:0:22]} f6 {[%emt 0:0:1]} 16. Rf2 {[%emt 0:0:0]} b5 {[%emt 0:0:11]} 17. Raf1 {[%emt 0:0:36]} Qb6 {[%emt 0:0:1]} 18. h4 {[%emt 0:0:28]} a5 {[%emt 0:1:31]} 19. Kh2 {[%emt 0:0:9]} a4 {[%emt 0:0:0]} 20. b4 {[%emt 0:0:2]} Rac8 {[%emt 0:1:58]} 21. Bc3 {[%emt 0:0:51]} Bg4 {[%emt 0:1:20]} 22. Bh3 {[%emt 0:2:16]} Bxh3 {[%emt 0:0:3]} 23. Kxh3 {[%emt 0:0:1]
} cxb4 {[%emt 0:2:17]} 24. Bxb4 {[%emt 0:0:2]} f5 {[%emt 0:0:0]} 25. fxe5 {[%emt 0:3:1]} Bxe5 {[%emt 0:0:4]} 26. Nf4 {[%emt 0:0:32]} fxe4 {[%emt 0:7:3]} 27. dxe4 {[%emt 0:0:1]} Rce8 {[%emt 0:0:14]} 28. Ne6 {[%emt 0:0:55]
} Rxf2 {[%emt 0:0:1]} 29. Rxf2 {[%emt 0:1:32]} Nc6 {[%emt 0:0:0]} 30. Rf1 {[%emt 0:3:1]} Qb7 {[%emt 0:2:15]} 31. Qf2 {[%emt 0:1:13]} Qe7 {[%emt 0:0:11]} 32. Bd2 {[%emt 0:0:2]} Nd8 {[%emt 0:0:4]} 33. Bg5 {[%emt 0:0:14]
} Qf7 {[%emt 0:0:13]} 34. Bxd8 {[%emt 0:0:52]} Qxf2 {[%emt 0:0:0]} 35. Rxf2 {[%emt 0:0:2]} b4 {[%emt 0:0:1]} 36. Rf1 {[%emt 0:1:7]} a3 {[%emt 0:0:24]} 37. Bf6 {[%emt 0:0:13]} Bxf6 {[%emt 0:0:23]} 38. Rxf6 {[%emt 0:0:1]
} Rc8 {[%emt 0:0:13]} 39. h5 {[%emt 0:0:20]} gxh5 {[%emt 0:0:0]} 40. Kh4 {[%emt 0:0:1]} h6 {[%emt 0:0:15]} 41. Kxh5 {[%emt 0:0:2]} Kh7 {[%emt 0:0:44]} 42. Rf7+ {[%emt 0:0:3]} Kg8 {[%emt 0:0:5]} 43. Kg6 {[%emt 0:0:2]
} b3 {[%emt 0:0:10]} 44. axb3 {[%emt 0:0:3]} Ra8 {[%emt 0:0:0]} 45. Rf1 {[%emt 0:0:14]} a2 {[%emt 0:0:1]} 46. Ra1 {[%emt 0:0:1]} Kh8 {[%emt 0:0:2]} 47. b4 {[%emt 0:0:7]} Ra3 {[%emt 0:0:7]} 48. g4 {[%emt 0:0:0]} Ra4 {[%emt 0:0:5]} 49. Kf5 {[%emt 0:0:22]} 1-0

[Event "FIDE World Rapid-ch Open 2018"]
[White "Fridman, Daniel"]
[Black "Antipov, Mikhail Al."]
[Site "St. Petersburg"]
[Round "14.20"]
[Annotator "ChessBase"]
[Result "1-0"]
[Date "2018.12.28"]
[WhiteElo "2633"]
[BlackElo "2589"]
[PlyCount "81"]
[TimeControl "900+10"]

1. Nf3 {[%emt 0:0:0]} Nf6 {[%emt 0:0:0]} 2. c4 {[%emt 0:0:0]} c6 {[%emt 0:0:0]
} 3. d4 {[%emt 0:0:0]} d5 {[%emt 0:0:0]} 4. g3 {[%emt 0:0:0]} Bf5 {[%emt 0:0:0]} 5. Nc3 {[%emt 0:0:21]} e6 {[%emt 0:0:0]} 6. Nh4 {[%emt 0:0:3]
} Bg4 {[%emt 0:0:1]} 7. Qb3 {[%emt 0:0:14]} Qb6 {[%emt 0:0:0]} 8. c5 {[%emt 0:0:7]} Qc7 {[%emt 0:0:3]} 9. Bf4 {[%emt 0:0:9]} Qc8 {[%emt 0:0:2]
} 10. h3 {[%emt 0:1:33]} Bh5 {[%emt 0:0:1]} 11. g4 {[%emt 0:0:0]} Bg6 {[%emt 0:0:1]} 12. Nxg6 {[%emt 0:0:3]} hxg6 {[%emt 0:0:1]} 13. Bg2 {[%emt 0:0:2]} Nbd7 {[%emt 0:0:30]} 14. Bg3 {[%emt 0:0:13]} Be7 {[%emt 0:1:23]
} 15. e3 {[%emt 0:0:10]} Kf8 {[%emt 0:2:6]} 16. Qc2 {[%emt 0:0:0]} Ne8 {[%emt 0:1:35]} 17. 0-0 {[%emt 0:0:21]} Bh4 {[%emt 0:1:32]} 18. Bh2 {[%emt 0:0:8]} Kg8 {[%emt 0:0:9]} 19. b4 {[%emt 0:0:8]} Bd8 {[%emt 0:0:0]} 20. b5 {[%emt 0:0:22]} Bc7 {[%emt 0:0:5]} 21. Bxc7 {[%emt 0:0:24]} Qxc7 {[%emt 0:1:21]} 22. Rab1 {[%emt 0:0:48]} Nf8 {[%emt 0:3:8]} 23. bxc6 {[%emt 0:1:1]
} bxc6 {[%emt 0:0:2]} 24. Rb2 {[%emt 0:2:48]} e5 {[%emt 0:0:0]} 25. Rfb1 {[%emt 0:1:18]} exd4 {[%emt 0:0:2]} 26. exd4 {[%emt 0:0:2]} Ne6 {[%emt 0:0:10]} 27. Ne2 {[%emt 0:0:3]} g5 {[%emt 0:0:25]} 28. Rb7 {[%emt 0:0:38]
} Qc8 {[%emt 0:0:39]} 29. Qf5 {[%emt 0:0:35]} N8c7 {[%emt 0:0:0]} 30. Qe5 {[%emt 0:0:22]} Nb5 {[%emt 0:3:50]} 31. R1xb5 {[%emt 0:1:33]} cxb5 {[%emt 0:0:1]} 32. Bxd5 {[%emt 0:0:2]} Rh6 {[%emt 0:0:1]} 33. Ng3 {[%emt 0:0:20]
} Qf8 {[%emt 0:0:32]} 34. Nf5 {[%emt 0:2:8]} Rf6 {[%emt 0:0:0]} 35. Nd6 {[%emt 0:0:8]} Kh8 {[%emt 0:0:7]} 36. Rxf7 {[%emt 0:1:51]} Rxf7 {[%emt 0:0:1]} 37. Nxf7+ {[%emt 0:0:2]} Qxf7 {[%emt 0:0:1]} 38. Bxe6 {[%emt 0:0:45]} Qe7 {[%emt 0:0:5]} 39. c6 {[%emt 0:0:4]} Re8 {[%emt 0:0:0]} 40. c7 {[%emt 0:0:9]} Qa3 {[%emt 0:0:1]} 41. Qc5 {[%emt 0:0:29]} 1-0

[Event "FIDE World Rapid-ch Open 2018"]
[White "Harikrishna, Pentala"]
[Black "Ragger, Markus"]
[Site "St. Petersburg"]
[Round "14.21"]
[Annotator "TA"]
[Result "0-1"]
[Date "2018.12.28"]
[WhiteElo "2725"]
[BlackElo "2687"]
[PlyCount "174"]

1. c4 {} g6 2. g3 Bg7 3. Bg2 c5 4. Nc3 Nc6 5. Nf3 d6 6. 0-0 Bf5 7. h3 {A37: Symmetrical English vs ...g6: 4 Bg2 Bg7 5 Nf3} (7. d3 Qd7 8. Nd5 Nf6 9. Bd2 0-0 10. Bc3 Nxd5 11. cxd5 Nd4 12. Nh4 Bg4 13. f3 Bh3 14. Bxh3 Qxh3 {1-0 (59) Grischuk,A (2766)-Anand,V (2759) Paris 2018} )Qd7 8. Kh2 e5 9. d3 h6 10. a3 Nge7 11. Rb1 {LiveBook: 3 Games} a5 $146 ({Predecessor:} 11... Be6 12. b4 f5 13. Bd2 0-0 14. Ne1 Rab8 {0-1 (33) Kostenko,P (2484)-Sethuraman,
S (2576) Al Ain 2014} )12. Nd2 {} 0-0 (12... Be6 $11 )13. Nde4 $14 Kh7 14. Bd2 Be6 {[#] Threatens to win with ...f5.} 15. Nb5 Nc8 16. Nec3 Rb8 17. Nd5 f5 18. f4 b6 19. e3 N8e7 20. Nbc7 Bg8 21. Qa4 {And now Nxe7 would win.} Nxd5 22. Nxd5 Rfd8 {
} 23. b4 (23. Nc3 {is interesting.} Rdc8 24. Rbe1 Bf7 25. Bf3 Be6 26. Bd5 )axb4 24. axb4 Bxd5 (24... exf4 {with more complications.} 25. gxf4 Ra8 26. Qc2 Rab8 27. bxc5 dxc5 28. Rfd1 Be6 )25. Bxd5 Nxb4 26. Qxd7 Rxd7 27. Bxb4 cxb4 28. Rxb4 Ra7 29. h4 Ra3 30. Rd1 exf4 31. gxf4 Re8 32. e4 Bd4 33. Rbb1 h5 34. Kg2 Re7 35. Rd2 Be3 36. Rdd1 Bxf4 37. Rxb6 fxe4 38. Bxe4 Ra2+ 39. Kf3 Be5 40. Rb7 Rxb7 41. Bxb7 $11 { Endgame KRB-KRB} Bf6 42. Be4 Bxh4 43. Rh1 Be7 44. Rxh5+ Kg7 45. Rb5 Kf6 46. Rb6 Rc2 47. Rc6 Rc3 48. Ke3 Ra3 49. Rb6 Kf7 50. Bd5+ Kg7 51. Ke4 Ra1 52. Kf3 Re1 53. Be4 Rc1 54. Ra6 Kf6 55. Ke3 Kf7 56. Kd4 Rg1 57. Kd5 g5 58. Ra2 {Rf2+ is the strong threat.} Rf1 59. Kc6 Bf8 60. Rg2 Kf6 61. Kd5 Rf4 62. Rh2 g4 63. Rh8 Kg7 64. Rh1 Kf6 65. Kd4 g3 66. Ke3 Rg4 67. Kf3 Rg5 68. Kg2 Bg7 69. Bd5 Rg4 70. Re1 Kg5 71. Re6 Be5 72. c5 Rd4 73. Be4 {Strongly threatening Kf3.} Kf4 {[#] Hoping for ...d5.} 74. c6 Rb4 75. Re8 Rb2+ 76. Kf1 Rc2 77. Rf8+ Ke3 78. Bd5 (78. Rf3+ $11 Kd4 79. Rf7 )Kd4 (78... Kxd3 $17 79. Ra8 Rc5 )79. Bc4 $2 {} (79. Be4 $11 )d5 {} 80. Rd8 g2+ {Black mates.} 81. Kg1 Bf4 82. Re8 dxc4 83. Re4+ Kd5 84. Rxf4 cxd3 85. c7 Rxc7 86. Kxg2 d2 87. Rf8 Rd7 {Accuracy: White =
45%, Black = 62%.} ({Not} 87... Rg7+ 88. Kf2 $15 )0-1

[Event "FIDE World Rapid-ch Open 2018"]
[White "Amin, Bassem"]
[Black "Le, Quang Liem"]
[Site "St. Petersburg"]
[Round "14.22"]
[Annotator "ChessBase"]
[Result "0-1"]
[Date "2018.12.28"]
[WhiteElo "2710"]
[BlackElo "2714"]
[PlyCount "64"]
[TimeControl "900+10"]

1. e4 {[%emt 0:0:0]} c5 {[%emt 0:0:0]} 2. Nf3 {[%emt 0:0:0]} Nc6 {[%emt 0:0:0]
} 3. Bb5 {[%emt 0:0:7]} g6 {[%emt 0:0:0]} 4. Bxc6 {[%emt 0:0:0]} dxc6 {[%emt 0:0:0]} 5. d3 {[%emt 0:0:2]} Bg7 {[%emt 0:0:0]} 6. h3 {[%emt 0:0:1]} Nf6 {[%emt 0:0:4]} 7. Nc3 {[%emt 0:0:2]} Nd7 {[%emt 0:0:0]} 8. Be3 {[%emt 0:0:3]} e5 {[%emt 0:0:9]} 9. Qd2 {[%emt 0:0:2]} h6 {[%emt 0:0:10]
} 10. 0-0 {[%emt 0:0:4]} Qe7 {[%emt 0:0:12]} 11. Nh2 {[%emt 0:0:0]} Nf8 {[%emt 0:0:5]} 12. f4 {[%emt 0:0:2]} exf4 {[%emt 0:0:3]} 13. Bxf4 {[%emt 0:0:2]} Be6 {[%emt 0:0:24]} 14. Rae1 {[%emt 0:0:20]} g5 {[%emt 0:0:17]
} 15. Bg3 {[%emt 0:0:6]} Ng6 {[%emt 0:0:20]} 16. Nd5 {[%emt 0:0:0]} cxd5 {[%emt 0:0:7]} 17. exd5 {[%emt 0:0:2]} 0-0 {[%emt 0:0:18]} 18. Nf3 {[%emt 0:0:28]} Rad8 {[%emt 0:3:15]} 19. dxe6 {[%emt 0:0:6]} f5 {[%emt 0:0:1]
} 20. c3 {[%emt 0:1:52]} Rf6 {[%emt 0:0:31]} 21. Qc2 {[%emt 0:0:0]} Rxe6 {[%emt 0:1:44]} 22. Qb3 {[%emt 0:0:8]} Nf8 {[%emt 0:0:5]} 23. Rxe6 {[%emt 0:0:22]} Qxe6 {[%emt 0:0:4]} 24. Qxb7 {[%emt 0:0:8]} Rxd3 {[%emt 0:0:17]
} 25. Qxa7 {[%emt 0:4:34]} g4 {[%emt 0:0:38]} 26. Re1 {[%emt 0:0:0]} Qd5 {[%emt 0:1:50]} 27. Be5 {[%emt 0:3:12]} Bxe5 {[%emt 0:0:6]} 28. Rxe5 {[%emt 0:0:56]} Rd1+ {[%emt 0:0:6]} 29. Kf2 {[%emt 0:1:22]} Qd3 {[%emt 0:0:59]
} 30. hxg4 {[%emt 0:0:43]} fxg4 {[%emt 0:0:37]} 31. Ne1 {[%emt 0:0:7]
} g3+ {[%emt 0:0:18]} 32. Kg1 {[%emt 0:0:7]} Qd2 {[%emt 0:0:0]} 0-1

[Event "FIDE World Rapid-ch Open 2018"]
[White "Sakaev, Konstantin"]
[Black "Mamedov, Rauf"]
[Site "St. Petersburg"]
[Round "14.23"]
[Annotator "ChessBase"]
[Result "1-0"]
[Date "2018.12.28"]
[WhiteElo "2584"]
[BlackElo "2703"]
[PlyCount "101"]
[TimeControl "900+10"]

1. d4 {[%emt 0:0:0]} d6 {[%emt 0:0:0]} 2. Nf3 {[%emt 0:0:9]} Nf6 {[%emt 0:0:0]
} 3. c4 {[%emt 0:0:3]} g6 {[%emt 0:0:0]} 4. Nc3 {[%emt 0:0:0]} Bf5 {[%emt 0:0:0]} 5. e3 {[%emt 0:0:26]} Bg7 {[%emt 0:0:0]} 6. Bd3 {[%emt 0:0:8]
} Bxd3 {[%emt 0:0:1]} 7. Qxd3 {[%emt 0:0:2]} 0-0 {[%emt 0:0:0]} 8. 0-0 {[%emt 0:0:3]} c5 {[%emt 0:0:2]} 9. d5 {[%emt 0:0:17]} Nbd7 {[%emt 0:0:8]
} 10. h3 {[%emt 0:0:20]} Re8 {[%emt 0:0:9]} 11. e4 {[%emt 0:0:0]} e5 {[%emt 0:0:58]} 12. dxe6 {[%emt 0:1:4]} Rxe6 {[%emt 0:0:1]} 13. Bf4 {[%emt 0:0:17]} Nh5 {[%emt 0:1:0]} 14. Bh2 {[%emt 0:0:48]} Bxc3 {[%emt 0:0:49]
} 15. Qxc3 {[%emt 0:0:59]} Qf6 {[%emt 0:1:32]} 16. Qxf6 {[%emt 0:1:50]
} Nhxf6 {[%emt 0:0:1]} 17. Ng5 {[%emt 0:0:26]} Ree8 {[%emt 0:0:0]} 18. Bxd6 {[%emt 0:1:44]} h6 {[%emt 0:0:7]} 19. Nf3 {[%emt 0:0:2]} Nxe4 {[%emt 0:0:4]} 20. Bf4 {[%emt 0:1:30]} g5 {[%emt 0:0:7]} 21. Be3 {[%emt 0:1:4]
} f5 {[%emt 0:0:2]} 22. Rfe1 {[%emt 0:0:17]} f4 {[%emt 0:0:0]} 23. Bd2 {[%emt 0:0:2]} a6 {[%emt 0:4:16]} 24. Rad1 {[%emt 0:0:36]} Ndf6 {[%emt 0:0:47]} 25. b3 {[%emt 0:2:21]} b5 {[%emt 0:0:7]} 26. Ba5 {[%emt 0:0:36]
} b4 {[%emt 0:0:32]} 27. a3 {[%emt 0:0:18]} bxa3 {[%emt 0:0:0]} 28. Ra1 {[%emt 0:0:1]} h5 {[%emt 0:0:55]} 29. Rxa3 {[%emt 0:0:47]} g4 {[%emt 0:0:1]} 30. hxg4 {[%emt 0:0:3]} hxg4 {[%emt 0:0:2]} 31. Nd2 {[%emt 0:0:28]
} Ng5 {[%emt 0:1:46]} 32. Raa1 {[%emt 0:0:17]} Kf7 {[%emt 0:0:0]} 33. Bc7 {[%emt 0:0:14]} f3 {[%emt 0:1:5]} 34. Bf4 {[%emt 0:0:18]} Ne6 {[%emt 0:0:4]} 35. Be3 {[%emt 0:0:1]} fxg2 {[%emt 0:1:16]} 36. Kxg2 {[%emt 0:0:5]
} Red8 {[%emt 0:0:11]} 37. Ra3 {[%emt 0:1:23]} Rd3 {[%emt 0:0:0]} 38. Rea1 {[%emt 0:0:10]} Rad8 {[%emt 0:0:18]} 39. Nf1 {[%emt 0:0:6]} Nh5 {[%emt 0:0:19]} 40. Rxa6 {[%emt 0:0:36]} Rxb3 {[%emt 0:0:27]} 41. Ra7+ {[%emt 0:0:6]
} Kf6 {[%emt 0:0:19]} 42. R1a6 {[%emt 0:0:20]} Rd1 {[%emt 0:0:0]} 43. Rh7 {[%emt 0:0:21]} Nhg7 {[%emt 0:0:30]} 44. Rxg7 {[%emt 0:0:39]} Kxg7 {[%emt 0:0:12]} 45. Rxe6 {[%emt 0:0:2]} Rbb1 {[%emt 0:0:0]} 46. Ng3 {[%emt 0:0:5]
} Rb4 {[%emt 0:0:11]} 47. Re4 {[%emt 0:0:13]} Ra4 {[%emt 0:0:0]} 48. Rxg4+ {[%emt 0:0:5]} Kf6 {[%emt 0:0:3]} 49. Ne4+ {[%emt 0:0:13]} Kf5 {[%emt 0:0:9]} 50. Rf4+ {[%emt 0:0:1]} Ke5 {[%emt 0:0:1]} 51. Nc3 {[%emt 0:0:2]
} 1-0

[Event "FIDE World Rapid-ch Open 2018"]
[White "Inarkiev, Ernesto"]
[Black "Tomashevsky, Evgeny"]
[Site "St. Petersburg"]
[Round "14.24"]
[Annotator "ChessBase"]
[Result "1/2-1/2"]
[Date "2018.12.28"]
[WhiteElo "2693"]
[BlackElo "2705"]
[PlyCount "144"]
[TimeControl "900+10"]

1. e4 {[%emt 0:1:7]} c6 {[%emt 0:0:0]} 2. d4 {[%emt 0:0:8]} d5 {[%emt 0:0:0]} 3. e5 {[%emt 0:0:2]} Bf5 {[%emt 0:0:1]} 4. h4 {[%emt 0:0:1]} h5 {[%emt 0:0:4]
} 5. Bd3 {[%emt 0:0:4]} Bxd3 {[%emt 0:0:9]} 6. Qxd3 {[%emt 0:0:0]} e6 {[%emt 0:0:21]} 7. Bg5 {[%emt 0:0:12]} Be7 {[%emt 0:2:29]} 8. Nf3 {[%emt 0:0:8]} Nh6 {[%emt 0:0:1]} 9. Nbd2 {[%emt 0:0:5]} Nf5 {[%emt 0:0:0]} 10. Nf1 {[%emt 0:2:50]} Qa5+ {[%emt 0:4:21]} 11. c3 {[%emt 0:0:3]} Qa6 {[%emt 0:0:1]} 12. Qd2 {[%emt 0:0:1]} Nd7 {[%emt 0:0:6]} 13. Ng3 {[%emt 0:0:29]
} Nxg3 {[%emt 0:1:38]} 14. fxg3 {[%emt 0:0:5]} f6 {[%emt 0:0:0]} 15. Bf4 {[%emt 0:0:45]} 0-0-0 {[%emt 0:0:8]} 16. Qe3 {[%emt 0:1:18]} Rhe8 {[%emt 0:2:26]} 17. Kf2 {[%emt 0:0:59]} fxe5 {[%emt 0:0:3]} 18. Nxe5 {[%emt 0:0:1]
} Nxe5 {[%emt 0:0:2]} 19. Bxe5 {[%emt 0:0:48]} Rf8+ {[%emt 0:0:0]} 20. Bf4 {[%emt 0:0:54]} Bd6 {[%emt 0:0:24]} 21. Rhe1 {[%emt 0:0:24]} Bxf4 {[%emt 0:1:19]} 22. gxf4 {[%emt 0:0:1]} Rde8 {[%emt 0:0:2]} 23. g3 {[%emt 0:0:23]
} g6 {[%emt 0:0:9]} 24. Kg2 {[%emt 0:0:2]} Rf5 {[%emt 0:0:0]} 25. Qd2 {[%emt 0:0:8]} Qa5 {[%emt 0:0:43]} 26. Re3 {[%emt 0:0:33]} Qc7 {[%emt 0:0:23]} 27. Rae1 {[%emt 0:0:1]} Qd6 {[%emt 0:0:1]} 28. R1e2 {[%emt 0:1:15]
} a6 {[%emt 0:0:15]} 29. Qe1 {[%emt 0:0:2]} Rf6 {[%emt 0:0:0]} 30. Re5 {[%emt 0:0:4]} Kb8 {[%emt 0:0:5]} 31. R2e3 {[%emt 0:0:13]} Ka8 {[%emt 0:0:4]} 32. Qe2 {[%emt 0:0:8]} Qd7 {[%emt 0:0:5]} 33. Qd3 {[%emt 0:0:19]
} Rf5 {[%emt 0:0:18]} 34. Qe2 {[%emt 0:0:1]} Rxe5 {[%emt 0:0:0]} 35. Rxe5 {[%emt 0:0:2]} Qf7 {[%emt 0:0:32]} 36. Kh2 {[%emt 0:0:1]} Kb8 {[%emt 0:0:2]} 37. b3 {[%emt 0:0:2]} Qd7 {[%emt 0:0:20]} 38. Qd3 {[%emt 0:0:8]
} Qf7 {[%emt 0:0:3]} 39. Qe3 {[%emt 0:0:1]} Kc8 {[%emt 0:0:0]} 40. c4 {[%emt 0:0:4]} Kd7 {[%emt 0:0:4]} 41. c5 {[%emt 0:0:27]} Qf6 {[%emt 0:0:24]
} 42. b4 {[%emt 0:0:10]} Ke7 {[%emt 0:0:6]} 43. a4 {[%emt 0:0:0]} Kf7 {[%emt 0:0:3]} 44. b5 {[%emt 0:0:10]} axb5 {[%emt 0:0:5]} 45. axb5 {[%emt 0:0:1]} Qd8 {[%emt 0:0:2]} 46. b6 {[%emt 0:0:52]} Qa8 {[%emt 0:0:4]
} 47. Qd3 {[%emt 0:0:43]} Qa1 {[%emt 0:0:31]} 48. Re2 {[%emt 0:0:0]} Qf1 {[%emt 0:0:28]} 49. Qe3 {[%emt 0:0:1]} Qb1 {[%emt 0:0:2]} 50. Kg2 {[%emt 0:0:40]} Re7 {[%emt 0:0:20]} 51. Qe5 {[%emt 0:0:27]} Qd3 {[%emt 0:0:30]
} 52. Ra2 {[%emt 0:0:14]} Qb3 {[%emt 0:0:4]} 53. Qe2 {[%emt 0:0:0]} Qc3 {[%emt 0:0:9]} 54. Ra4 {[%emt 0:0:1]} Re8 {[%emt 0:0:11]} 55. Qf2 {[%emt 0:0:55]} Qd3 {[%emt 0:0:7]} 56. Kh2 {[%emt 0:0:1]} Qe4 {[%emt 0:0:14]
} 57. Qd2 {[%emt 0:0:7]} Qf3 {[%emt 0:0:7]} 58. Ra7 {[%emt 0:0:0]} Re7 {[%emt 0:0:1]} 59. Ra1 {[%emt 0:0:3]} Re8 {[%emt 0:0:9]} 60. Qb2 {[%emt 0:0:15]} Qe3 {[%emt 0:0:6]} 61. Ra3 {[%emt 0:0:3]} Qe1 {[%emt 0:0:14]
} 62. Qc2 {[%emt 0:0:1]} Qb4 {[%emt 0:0:19]} 63. Qd3 {[%emt 0:0:0]} Qb2+ {[%emt 0:0:7]} 64. Kg1 {[%emt 0:0:5]} Qc1+ {[%emt 0:0:7]} 65. Kg2 {[%emt 0:0:5]} Qb2+ {[%emt 0:0:3]} 66. Kf3 {[%emt 0:0:2]} Qc1 {[%emt 0:0:5]
} 67. Ra7 {[%emt 0:0:47]} Re7 {[%emt 0:0:7]} 68. Qe2 {[%emt 0:0:0]} Qh1+ {[%emt 0:0:17]} 69. Kf2 {[%emt 0:1:0]} Qh2+ {[%emt 0:0:2]} 70. Kf3 {[%emt 0:0:0]} Qh1+ {[%emt 0:0:1]} 71. Kf2 {[%emt 0:0:13]} Qh2+ {[%emt 0:0:4]
} 72. Kf3 {[%emt 0:0:1]} Qh1+ {[%emt 0:0:8] Ke4} 1/2-1/2